000 01084nam0a2200313 4500
001 RU\NLR\bibl\545766
005 20250609155151.0
010 _a5-93139-171-1
_95000
021 _aRU
_b2004-39760
_91977
035 _a(NLR Aleph) 000537976
090 _a1394843
_c1394843
100 _a20040818d2003 |||y0rusy50 ca
101 0 _arus
102 _aRU
105 _ay |||||||||
200 1 _aМусульманский пост (ураза)
_fРустам Батров
_gДухов. Упр. Мусульман Евр. части России. Ислам. науч.-просвет. центр
210 _aКазань
_cИНПЦ
_cМастер Лайн
_d2003
215 _a143 с.
_d21
320 _aБиблиогр.: с. 139-142 и в подстроч. прим.
606 0 _aУраза
_92074849
_3RU\NLR\auth\661249870
686 _aЭ38-531
700 1 _aБатров
_bР. Г.
_gРустам Г
_4070
801 0 _aRU
_bNLR
_c20040818
_gPSBO
801 1 _aRU
_bNLR
_c20040818
942 _cBOOK
980 _aNB
980 _aNBR